• 首页
  • 本馆介绍
  • 公告通知
  • 最新文献
  • 馆藏检索
  • 电子资源
  • 读者导购
  • 参考咨询
  • 我的图书馆
  • 登录
  • 详细信息显示
  • 放入我的书架
  • 预约/预借图书
  • 作者相关作品
  • 分类相关作品
  • 丛书相关作品
  • 出版社相关作品

书目信息

  • 表格格式
  • 工作单格式
  • 卡片格式
题名:
你的未来可以预见
    
 
作者: ;轻松读大师项目部 编
分册:  
出版信息: 北京   中国盲文出版社  2017
页数: 215页
开本: 26cm
丛书名:
单 册:
中图分类: B848.4-49
科图分类:
主题词: 成功心理--通俗读物
电子资源:
ISBN: 978-7-5002-7856-6
000 00968nam0 2200265 450
001 1593
005 20180522131544.01
010    @a978-7-5002-7856-6@dCNY48.00
100    @a20170905d2017 em y0chiy50 ea
101 0  @achi@aeng
102    @aCN@b110000
105    @ay z 000yy
200 1  @a你的未来可以预见@9ni de wei lai ke yi yu jian@f轻松读大师项目部编
210    @a北京@c中国盲文出版社@d2017
215    @a215页@d26cm
300    @a国家彩票公益金资助·大字版
305    @a本书由轻松读文化事业有限公司授权出版
312    @a封面英文题名:Your life is foreseeable
330    @a本书内容包括:创建你的未来——抓住无限成功的12个关键因素;高效能人士的7个习惯;职场卓越的5项物质;效率百分百——提高个人生产力的52个原则等。
510 1  @aYour life is foreseeable@zeng
606 0  @a成功心理@j通俗读物
690    @aB848.4-49@v5
711 02 @a轻松读大师项目部@9qing song du da shi xiang mu bu@4编
801  0 @aCN@b91MARC@c20170905
905    @aMuseLib@dB848.4@e2005
    
    你的未来可以预见/轻松读大师项目部编.-北京:中国盲文出版社,2017
    215页;26cm
    国家彩票公益金资助·大字版
    
    ISBN 978-7-5002-7856-6:CNY48.00
    本书内容包括:创建你的未来——抓住无限成功的12个关键因素;高效能人士的7个习惯;职场卓越的5项物质;效率百分百——提高个人生产力的52个原则等。
●
相关链接 在E读中查询图书 在五车中查询图书 在当当中查询图书 在豆瓣中查询图书


正题名:你的未来可以预见     索取号:B848.4/2005         预约/预借

序号 登录号 条形码 馆藏地/架位号 状态 备注
1 1065028   210650286   第一样本阅览室/ [索取号:B848.4/2005] 在馆    
2 1065029   210650295   第一借阅区/ [索取号:B848.4/2005] 在馆    
3 1065030   210650302   第一借阅区/ [索取号:B848.4/2005] 在馆    
4 1065031   210650311   第一借阅区/ [索取号:B848.4/2005] 在馆    
5 1065032   210650320   第一借阅区/ [索取号:B848.4/2005] 在馆    
6 1065033   210650339   密集书库-马院/ [索取号:B848.4/2005] 在馆    
7 1105443   211054437   第一借阅区/ [索取号:B848.4/2005] 在馆    
8 1105444   211054446   教育系资料室/ [索取号:B848.4/2005] 在馆    
9 1105445   211054455   教育系资料室/ [索取号:B848.4/2005] 在馆    
10 1105446   211054464   教育系资料室/ [索取号:B848.4/2005] 在馆    
11 1105447   211054473   第一借阅区/ [索取号:B848.4/2005] 在馆    
12 1105448   211054482   第一借阅区/ [索取号:B848.4/2005] 在馆    
唐山师范学院图书馆 欢迎您!
大连网信软件有限公司© 版权所有